000 00403nam a2200181Ia 4500
001 13375
005 20260306164756.0
008 260306t2010||||xx |||||||||||||| ||spa||
041 _aESP
082 _a002
_bG64
100 _aGómez, Daniel
_eAUT
245 0 _aMarketing editorial
260 _c2010
300 _a229 páginas :
_c
650 _aGEN
654 _aCHU
942 _cLIB
_dJUS
_fJUS
_2ddc
_n
999 _c13375
_d13375